Регионална библиотека "Любен Каравелов" - Русе

Когато бях малък (Запис номер 517677)

MARC детайли
000 -Лидер
Контролно поле с фиксирана дължина 01120nam a2200289 c 4500
003 - Код на организацията, давaща контролен номер
Контролно поле BLK
005 - Дата и час на последна редакция
Контролно поле 20240925133848.0
008 - Елементи от данни с фиксирана дължина
fixed length control field 180409b bul|||||r ||||||| ||bul||
040 ## - Източник на каталожния запис
Идентификатор на билиотеката - собственик на записа BLK
041 ## - Код за език
Код за езика на текст/звукозапис или на отделно заглавие Български
Код за езика КДБФ Български
080 ## - УДК
Текстов определител УДК Българска литература
УДК код - определител по УДК 821.163.2
УДК определител -93-32
УДК - код + определител 821.163.2-93-32
100 ## - Редна дума - Автор
Автор Немиров, Добри
Дати, свързани с автора 03.02.1882 – 30.09.1945
Пълна форма на името Зафиров, Добри Харалампиев
R(LIN) 251710
139 ## - Редно поле
Редна дума Немиров, Добри
Авторски знак Нем - Н 53
245 10 - Сведения за заглавието
Заглавие Когато бях малък
Подзаглавни данни Разкази за всички
Том Втора книга
Редно поле (дума) Добри Немиров; картини и корица от В. Лазаркевич
250 ## - Област на изданието
Сведения за изданието 2. изд.
257 ## - Страна на издаване
Страна на създаване/издаване България
260 ## - Област на издателските данни
Име на издателя, разпространителя и проч. Хемус
Година на издаване 1947
9 (RLIN) 209594
Място на издаване, разпространение и проч. София
300 ## - Физическа характеристика
Страници 115 с.
Илюстрации и др. с ил.
Размери/Мащаб 22 см
380 ## - Жанр
Жанр Детска худож. лит.
500 ## - Общи забележки
Забележка 1. изд. 1937
700 1# - Други автори (авторска отговорност)
Лично име Лазаркевич, Вадим Вадимович
9 (RLIN) 87036
852 ## - Местоположение
Фондова буква Краезнание
Систематично-азбучна сигнатура К 821.163.2/Н 53 Д
856 4# - Електронен адрес и достъп
Електронен формат pdf - файл
Инструкция (цена за достъп) 0.00
Права за достъп disable
856 4# - Електронен адрес и достъп
Електронен формат pdf - файл
Инструкция (цена за достъп) 0.00
Права за достъп disable
942 ## - АРТИКУЛИ
Вид на библиотечния материал Книги
Скрит в OPAC Не
Koha issues (borrowed), all copies 1
Периодичен библиозапис Да
944 ## - СЪЗДАВАНЕ И РЕДАКЦИЯ на ЗАПИСА
Служител, извършил регистрацията/редакцията 30545
Статус, дата на статуса Нора Радева
Създаване/Редакция
Дата на регистрацията/редакция Нора Радева
999 ## - СИСТЕМНИ КОНТРОЛНИ НОМЕРА
Koha biblionumber 517677
Koha biblioitemnumber 517677
Наличности
Код за отписване Код за изгубен артикул Източник на класификационната схема Код за повреда Коз за рестрикции Код за отдаване Артикулен № Име на библиотеката - собственик Име на библиотеката, в която се намира в момента Статус (Текущо местоположение) Дата на вписване в системата Местоположение - отдел Цена в лева Инвентарен номер Систематично азбучна сигнатура Баркод Цена в евро Служебен тип на артикула
  Не е изгубен Universal Decimal Classification Не е повреден само за читалня ползва се в читалня 949966 Регионална библиотека "Любен Каравелов" Русе Регионална библиотека "Любен Каравелов" Русе Краезнание 2024-09-27 Краезнание 3.00 120000913333 К 821.163.2/Н 53 Д 120000913333 1.53 Книги
Vip Innovations Ltd, Rousse, Bulgaria 2025